Cultural history of ancient India : (Record no. 10154)

MARC details
000 -LEADER
fixed length control field 00560cam a2200205ua 4500
001 - CONTROL NUMBER
control field 11314
005 - DATE AND TIME OF LATEST TRANSACTION
control field 20260515114734.0
008 - FIXED-LENGTH DATA ELEMENTS--GENERAL INFORMATION
fixed length control field 190912n ii |||gr||||Z||||||eng
020 ## - INTERNATIONAL STANDARD BOOK NUMBER
International Standard Book Number 9788131600160
040 ## - CATALOGING SOURCE
Transcribing agency MAIN
082 ## - DEWEY DECIMAL CLASSIFICATION NUMBER
Classification number 954.052
100 ## - MAIN ENTRY--PERSONAL NAME
Personal name Leela D`Souza.,
Relator term Author
245 ## - TITLE STATEMENT
Title Cultural history of ancient India :
Remainder of title Diversity, syncretism, synthesis /
Statement of responsibility, etc. By Leela D`Souza .
250 ## - EDITION STATEMENT
Edition statement 1st ed.
260 ## - PUBLICATION, DISTRIBUTION, ETC.
Place of publication, distribution, etc. Jaipur:
Name of publisher, distributor, etc. Rawar Publications,
Date of publication, distribution, etc. 2007.
300 ## - PHYSICAL DESCRIPTION
Extent 395p.
653 ## - INDEX TERM--UNCONTROLLED
Uncontrolled term South Asia India
653 ## - INDEX TERM--UNCONTROLLED
Uncontrolled term Indian history
942 ## - ADDED ENTRY ELEMENTS (KOHA)
Koha item type Books
Holdings
Withdrawn status Lost status Damaged status Not for loan Home library Current library Shelving location Date acquired Total checkouts Full call number Barcode Date last seen Copy number Price effective from Koha item type
        Naharkatiya College Library Naharkatiya College Library General stacks 09/19/2020   954.052History of India | DSO 26641 09/19/2020 1 09/19/2020 Books